01285nam a2200325Ia 4500001001200000003000800012006001900020007001500039008004100054010001700095020002600112040002100138035002100159050002500180100003200205245010900237260003800346300002400384490005500408504005100463533015200514650003200666650002900698650002300727655002900750700002000779710001700799856012600816999001700942ebr10325815CaPaEBRm u cr cn|||||||||090318s2009 njua sb 001 0 eng d z 2009011754 z9780470040393 (cloth) aCaPaEBRcCaPaEBR a(OCoLC)45718086714aQA76.88b.L38 2009eb1 aLastovetsky, Alexey,d1957-10aHigh performance heterogeneous computingh[electronic resource] /cAlexey L. Lastovetsky, Jack Dongarra. aHoboken, NJ :bJohn Wiley,c2009. axii, 267 p. :bill.0 aWiley series in parallel and distributed computing aIncludes bibliographical references and index. aElectronic reproduction.bPalo Alto, Calif. :cebrary,d2009.nAvailable via World Wide Web.nAccess may be limited to ebrary affiliated libraries. 0aHigh performance computing. 0aHeterogeneous computing. 0aComputer networks. 7aElectronic books.2local1 aDongarra, J. J.2 aebrary, Inc.40uhttp://site.ebrary.com/lib/rucke/Doc?id=10325815zAn electronic book accessible through the World Wide Web; click to view c54154d54154